Nikdo z vás nezná Cholina /

Hlavní autor: Cholin, Igor' Sergejevič, 1920-1999
Další autoři: Machonin, Jan, 1976-, Vůjtek, Tomáš, 1967-, Šedivý, Jakub, Olšovský, Miroslav, 1970-
Jazyk: Čeština
Vydáno: Olomouc : Aleš Prstek, 2012
Vydání: Vyd. 1.
Témata:
Fyzický popis: 238 s. : il. (některé barev.) ; 21 x 22 cm
Knihy
Uloženo v:
LEADER 01733nam a2200469 a 4500
001 nkc20132436750
003 CZ PrNK
005 20130207142735.0
007 ta
008 130116s2012 xr a e 000 1 cze
015 |a cnb002436750 
020 |a 978-80-904164-8-2  |q (váz.) :  |c Kč 330,00 
035 |a (OCoLC)827263717 
040 |a BOA001  |b cze 
041 1 |a cze  |h rus 
072 7 |a 821.161.1  |x Ruská literatura, rusky psaná  |2 Konspekt  |9 25 
080 |a 821.161.1-3  |2 MRF 
080 |a 821.161.1-1  |2 MRF 
080 |a (0:82-3)  |2 MRF 
080 |a (0:82-1)  |2 MRF 
080 |a (082.21)  |2 MRF 
100 1 |a Cholin, Igor' Sergejevič,  |d 1920-1999  |7 js20020805522  |4 aut 
245 1 0 |a Nikdo z vás nezná Cholina /  |c Igor Cholin ; přeložili Jan Machonin, Jakub Šedivý, Tomáš Vůjtek ; ilustroval Viktor Pivovarov ; [edičně připravil a doslovem doplnil Miroslav Olšovský] 
250 |a Vyd. 1. 
260 |a Olomouc :  |b Aleš Prstek,  |c 2012 
300 |a 238 s. :  |b il. (některé barev.) ;  |c 21 x 22 cm 
500 |a Přeloženo z ruštiny 
655 7 |a ruské prózy  |7 fd133319  |2 czenas 
655 7 |a ruská poezie  |7 fd133315  |2 czenas 
655 7 |a výbory  |7 fd133853  |2 czenas 
655 9 |a Russian prose  |2 eczenas 
655 9 |a Russian poetry  |2 eczenas 
655 9 |a selected works  |2 eczenas 
700 1 |a Machonin, Jan,  |d 1976-  |7 js20030317037  |4 trl 
700 1 |a Vůjtek, Tomáš,  |d 1967-  |7 xx0009556  |4 trl 
700 1 |a Šedivý, Jakub  |7 xx0042539  |4 trl 
700 1 |a Olšovský, Miroslav,  |d 1970-  |7 js20040216007  |4 waw  |4 edt 
910 2 |a BOA001  |b 2-1296.863 
990 |a BK 
995 |a 01 
991 |b 201302  |e b 
996 6 |b 2610536283  |c 2-1296.863  |l MZK  |r Sklad / do 1 hodiny  |n 4  |p p.v.  |w 001309376  |u 000010  |a 1  |e BOA001  |j MZK50  |s P